00609nam a2200181 a 4500003000900000005001700009008004100026040002300067082003100090100003800121245005400159250001100213260004900224300002800273490001700301600003800318651007100356DO-SdBNP20210805134546.0100330s2013 dr a 000 0bspa d aBPMSU bspacBPMSU a923.27293bD812T, 20132221 aTroncoso Sánchez, Pedro,d1904-10aEpisodios duartianos /cPedro Troncoso Sánchez. a6a ed. aSanto Domingo :bInstituto Duartiano, c2013 a327 p. :bil. ;c22 cm.0 aDuartina,v210aDuarte, Juan Pablo, d1813-1876 4aRepública DominicanaxHistoriayOcupación haitiana , 1822-1844